00309nam a2200133Ia 4500008004100000041000800041082001400049100001900063245002700082250001400109260003100123300001400154365000700168240624s9999 xx 000 0 und d aeng a006.4 DUD aDUDA RICHARD O aPATTERN CLASSIFICATION a(2nd ed.) c2004aNew YorkbJohn Wiley axx, : 654 cRS